| 000 | 00458cam a2200145 4500500 | ||
|---|---|---|---|
| 005 | 20260329015551.0 | ||
| 041 | _afre | ||
| 042 | _adc | ||
| 100 | 1 | 0 |
_aTripon-Canseliet, Charlotte _eauthor |
| 245 | 0 | 0 | _aOptoelectronics-microwave |
| 260 | _c2026. | ||
| 500 | _a67 | ||
| 786 | 0 | _nOptics and photonics | - | 2026-03-05 | p. 10-10 | |
| 856 | 4 | 1 | _uhttps://stm.cairn.info/optoelectronic-components--bdti42451210-e3335-page-10?lang=en&redirect-ssocas=7080 |
| 999 |
_c1899074 _d1899074 |
||